000 00938cab a2200241 4500
001 ABS59614
008 090401t1998 xxu||||| |||| 00| 0 eng d
035 _a(Sirsi) u90014
041 _aeng
100 _aShapiro, Eric F.
245 _aHow dilapidations damages are assessed in court
260 _c1998
350 _a0
490 _aCSM
_bChartered Surveyor Monthly
_v8(3-4) November/December 1998, 50-51(2)
520 _aSecond part of an article on case law on the measure of damages for breach of a covenant to repair. Explains the diminution in value of the landlord`s reversion by reference to the actual calculations considered in "Shortland Investments Ltd v Cargill Ltd" See also ABS59495.
650 _aBREACH OF COVENANT
650 _aDilapidations
_96235
650 _aPROPERTY VALUATION
650 _aTENANTS
690 _aBUILDING AND CONSTRUCTION-REPAIRS AND MAINTENANCE
942 _n0
948 _c30/11/1998
999 _c56997
_d56997